Catholic University of Zimbabwe Library
Online Public Access Catalogue
(OPAC)

The Future of Money (Record no. 34152)

MARC details
000 -LEADER
fixed length control field 02397nam a22003617a 4500
001 - CONTROL NUMBER
control field 100880
003 - CONTROL NUMBER IDENTIFIER
control field KnowledgeUnlatched
005 - DATE AND TIME OF LATEST TRANSACTION
control field 20210303105326.0
006 - FIXED-LENGTH DATA ELEMENTS--ADDITIONAL MATERIAL CHARACTERISTICS
fixed length control field m o d
007 - PHYSICAL DESCRIPTION FIXED FIELD--GENERAL INFORMATION
fixed length control field cr u||||||||||
008 - FIXED-LENGTH DATA ELEMENTS--GENERAL INFORMATION
fixed length control field 210129p20102018enk o u00| u eng d
035 ## - SYSTEM CONTROL NUMBER
System control number (OCoLC)658045245
037 ## - SOURCE OF ACQUISITION
Institution to which field applies BiblioBoard
020 ## - INTERNATIONAL STANDARD BOOK NUMBER
International Standard Book Number 9781849644501
029 1# - OTHER SYSTEM CONTROL NUMBER (OCLC)
OCLC library identifier https://library.biblioboard.com/ext/api/media/73ebf395-173a-4076-8e9a-35bb99c4c0c0/assets/thumbnail.jpg
040 ## - CATALOGING SOURCE
Original cataloging agency ScCtBLL
Transcribing agency ScCtBLL
100 1# - MAIN ENTRY--PERSONAL NAME
Personal name Mellor, Mary
Relator term author.
245 04 - TITLE STATEMENT
Title The Future of Money
Remainder of title From Financial Crisis to Public Resource /
Statement of responsibility, etc. Mary Mellor.
264 #1 - PRODUCTION, PUBLICATION, DISTRIBUTION, MANUFACTURE, AND COPYRIGHT NOTICE
Name of producer, publisher, distributor, manufacturer Pluto Press,
300 ## - PHYSICAL DESCRIPTION
Extent 1 online resource.
506 0# - RESTRICTIONS ON ACCESS NOTE
Terms governing access Access copy available to the general public.
Standardized terminology for access restriction Unrestricted
Source of term star
520 ## - SUMMARY, ETC.
Summary, etc. As the recent financial crisis has revealed, the state is central to the stability of the money system, while the chaotic privately-owned banks reap the benefits without shouldering the risks. This book argues that money is a public resource that has been hijacked by capitalism. Mary Mellor explores the history of money and modern banking, showing how finance capital has captured bank-created money to enhance speculative 'leveraged' profits as well as destroying collective approaches to economic life. Meanwhile, most individuals, and the public economy, have been mired in debt. To correct this obvious injustice, Mellor proposes a public and democratic future for money. Ways are put forward for structuring the money and banking system to provision societies on an equitable, ecologically sustainable 'sufficiency' basis. This fascinating study of money should be read by all economics students looking for an original analysis of the economy during the current crisis.
588 0# - SOURCE OF DESCRIPTION NOTE
Source of description note Description based on print version record.
590 ## - LOCAL NOTE (RLIN)
Local note KU Select 2017: Backlist Collection
650 #7 - SUBJECT ADDED ENTRY--TOPICAL TERM
Topical term or geographic name entry element Business & Economics / Finance
Source of heading or term bisacsh
650 #0 - SUBJECT ADDED ENTRY--TOPICAL TERM
Topical term or geographic name entry element Economics
655 #0 - INDEX TERM--GENRE/FORM
Genre/form data or focus term Electronic books.
758 ## -
-- Is found in:
-- Knowledge Unlatched
-- https://openresearchlibrary.org/module/2774bc74-146a-484f-a7ba-ab1d6a09bbfb
856 40 - ELECTRONIC LOCATION AND ACCESS
Uniform Resource Identifier <a href="https://openresearchlibrary.org/content/73ebf395-173a-4076-8e9a-35bb99c4c0c0">https://openresearchlibrary.org/content/73ebf395-173a-4076-8e9a-35bb99c4c0c0</a>
Public note View this content on Open Research Library.
-- 0
Holdings
Withdrawn status Lost status Source of classification or shelving scheme Damaged status Not for loan Home library Current library Shelving location Date acquired Total Checkouts Date last seen Uniform Resource Identifier Price effective from Koha item type
          Digital Library Digital Library Online Access 03.03.2021   03.03.2021 https://openresearchlibrary.org/content/73ebf395-173a-4076-8e9a-35bb99c4c0c0 03.03.2021 eBook

OPENING HOURS

Weekdays: 0815hrs - 1800hrs
Weekends:0900hrs - 1200hrs

Closed for Mass:

Mon, Thur: 1200hrs - 1300hrs
Sunday & Public Holiday’s

CALL SUPPORT

0242-570570, 0242-570169
09200664, +263 8644140602

LOCATION

18443, Cranborne Avenue, Hatfield, Harare

Other Links


©2021 | CUZ Library